| 000 | 00890cam a22002777a 4500 | ||
|---|---|---|---|
| 003 | CHAP | ||
| 005 | 20220329135227.0 | ||
| 008 | 971013s1971 r 00010 d | ||
| 010 | _a32942 | ||
| 011 | _a33914 | ||
| 035 | _a38030 | ||
| 040 | _cCHAP | ||
| 090 | _aFolleto 1831 | ||
| 100 | 0 | 0 |
_aNorris, J. M. _981775 |
| 245 | 1 | 2 | _aA storage and retrieval system for micromorphological descriptions of soils |
| 260 |
_aMelbourne : _bCommonwealth Scientific and Industrial Research Organization, _c1971 |
||
| 300 | _a20 p. | ||
| 490 | 0 |
_aDivision of soils technical paper _v; 10 |
|
| 590 |
_aBATCH-UPD _b10 _c20130110 _lUCH01 _h1527 |
||
| 590 |
_aCONVERSION _b10 _c20130109 _lUCH01 _h1319 |
||
| 650 | 1 | 4 |
_aSuelos _xEstructura. _9110360 |
| 830 | 0 |
_aDivision of soils technical paper _v; 10 _933020 |
|
| 901 | _aBK | ||
| 942 | _cFOLL | ||
| 949 |
_aFolleto 1831 _bBC _cFOLL _d-87056 _eTS1 _i38030 _si |
||
| 999 |
_c32942 _d32942 |
||